|
|
|
|
| LEADER |
00000naa2a2200000 4500 |
| 001 |
150688 |
| 005 |
20231218160746.0 |
| 035 |
|
|
|a (RuTPU)RU\TPU\book\163368
|
| 090 |
|
|
|a 150688
|
| 100 |
|
|
|a 20090113d2008 k y0rusy50 ca
|
| 101 |
0 |
|
|a rus
|
| 102 |
|
|
|a RU
|
| 200 |
1 |
|
|a Наноструктурные электронно-лучевые покрытия с метастабильной аустенитной матрицей
|f Е. А. Иванова
|g науч. рук. Н. А. Наркевич
|
| 320 |
|
|
|a Библиогр.: 7 назв.
|
| 461 |
|
1 |
|0 (RuTPU)RU\TPU\book\156858
|t Современные техника и технологии
|o 14 Международная научно-практическая конференция студентов, аспирантов и молодых ученых, г. Томск, 24-28 марта 2008 г.
|o труды
|o в 3 т.
|f Томский политехнический университет (ТПУ)
|d 2008
|
| 463 |
|
1 |
|0 (RuTPU)RU\TPU\book\158716
|t Т. 2
|v С. 66-67
|d 2008
|p 434 с.
|
| 610 |
1 |
|
|a покрытия
|
| 610 |
1 |
|
|a наноструктурные покрытия
|
| 610 |
1 |
|
|a электронно-лучевые покрытия
|
| 610 |
1 |
|
|a аустенитные матрицы
|
| 610 |
1 |
|
|a аустенитная структура
|
| 610 |
1 |
|
|a электронно-лучевая наплавка
|
| 610 |
1 |
|
|a азотистый аустенит
|
| 610 |
1 |
|
|a износостойкость
|
| 610 |
1 |
|
|a труды учёных ТПУ
|
| 700 |
|
1 |
|a Иванова
|b Е. А.
|c специалист в области материаловедения
|c доцент Томского политехнического университета, кандидат технических наук
|f 1982-
|g Елена Анатольевна
|3 (RuTPU)RU\TPU\pers\33037
|9 16871
|
| 702 |
|
1 |
|a Наркевич
|b Н. А.
|4 727
|
| 801 |
|
1 |
|a RU
|b 63413507
|c 20090113
|g PSBO
|
| 801 |
|
2 |
|a RU
|b 63413507
|c 20141121
|g RCR
|
| 942 |
|
|
|c BK
|